Statistiques concernant Tous les demi-finalistes de Grand Chelem depuis 2000

Cliquez ici pour prendre le quiz!

Statistiques générales

  • Ce quiz a été pris 88 fois
  • Le résultat moyen est 30 sur 82

Statistiques - réponses

Nombre de Demi-finaleRéponse% Correct
42Djokovic
100%
46Federer
100%
37Nadal
100%
9Wawrinka
92%
22Murray
90%
6Tsonga
89%
2Monfils
86%
5Medvedev
83%
5Tsitsipas
81%
6Cilic
79%
5Zverev
78%
6Thiem
76%
6Del Potro
74%
3Gasquet
72%
9Agassi
68%
3Nishikori
67%
1Isner
64%
6Ferer
58%
1Ruud
58%
5Sampras
58%
10Roddick
56%
6Ferrero
53%
8Hewitt
53%
2Kuerten
53%
7Safin
53%
2Soderling
50%
3Raonic
47%
2Anderson
46%
3Berrettini
46%
7Berdych
43%
4Grosjean
40%
1Pouille
39%
3Dimitrov
35%
1Auger-Alliassime
33%
1Clément
33%
1Schwartzman
33%
1Verdasco
33%
2Coria
32%
2Carreno-Busta
31%
4Davydenko
31%
1Gaudio
31%
1Puerta
29%
1Ivanisevic
28%
1Gonzalez
26%
1Philippoussis
26%
4Henman
25%
1Shapovalov
25%
2Costa
24%
3Rafter
24%
2Baghdatis
22%
3Haas
22%
1Ljubicic
21%
1Gulbis
19%
2Johansson
19%
1Johansson
19%
1Cecchinato
18%
1Hurkacz
18%
1Karatsev
18%
2Norman
15%
1Edmund
14%
1Querrey
14%
2Corretja
13%
1Hyeon
10%
1Verkerk
10%
2Youznhy
8%
1Ancic
7%
1Janowicz
7%
1Malisse
7%
1Kiefer
6%
1Martin
6%
1Ferreira
4%
1Novak
4%
1Schalken
4%
2Schuttler
4%
1Ginepri
3%
1Bjorkman
1%
2Kalefnikov
1%
1Voltchkov
1%
1Batistuta-Agut
0%
1Mezler
0%
5Nabaldian
0%
1Squilarri
0%

Distribution des résultats

Percentile par nombre de réponses

% des personnes avec chaque résultat

Votre développement - résultats

Vous n’avez pas pris ce quiz